书目信息 |
| 题名: |
棉花病虫害的防治
|
|
| 作者: | 本书组编 | |
| 分册: | ||
| 出版信息: | 上海 上海科学技术出版社 1983.08 |
|
| 页数: | 62页 | |
| 开本: | 20cm | |
| 丛书名: | 植保员手册 | |
| 单 册: | ||
| 中图分类: | S435.62 | |
| 科图分类: | ||
| 主题词: | 植物--病虫害 , 植物--病虫害防治方法 | |
| 电子资源: | ||
| ISBN: | ||
| 000 | 00653nam0 2200229 450 | |
| 001 | 0855433241 | |
| 005 | 20081009152617.95 | |
| 010 | @dCNY1.25 | |
| 091 | @a15063.3514 | |
| 100 | @a20081009d1983 km y0chiy0120 ea | |
| 101 | 0 | @achi |
| 102 | @aCN@b310000 | |
| 200 | 1 | @a棉花病虫害的防治@Amian hua bing chong hai de fang zhi@f本书组编@Fben shu zu bian |
| 210 | @a上海@c上海科学技术出版社@d1983.08 | |
| 215 | @a62页@d20cm | |
| 225 | 2 | @a植保员手册 |
| 410 | 0 | @12001 @a植保员手册 |
| 606 | 0 | @a植物@x病虫害 |
| 606 | 0 | @a植物@x病虫害防治方法 |
| 690 | @aS435.62@v4 | |
| 801 | 0 | @aCN@b大连网信软件有限公司图书馆·11@c20081009 |
| 905 | @aBZT@dS435.62@e160 | |
| 棉花病虫害的防治/本书组编.-上海:上海科学技术出版社,1983.08 |
| 62页;20cm.-(植保员手册) |
| ISBN :CNY1.25 |
| ● |
| 相关链接 |
|
|
|
正题名:棉花病虫害的防治
索取号:S435.62/160
 
预约/预借
| 序号 | 登录号 | 条形码 | 馆藏地/架位号 | 状态 | 备注 |
| 1 | 013184 | 201246687 | 中心书库中库/ 中库033架A面1列3层46/ [索取号:S435.62/160] | 在馆 |